00489nam a2200193 a 4500001001300000003000900013005001700022008004100039020001000080082001300090100001900103245004400122260003000166300000800196500003500204505001300239650002400252700001900276nice12345678IN_TiNIC20260116011620.0050524s1957 lona grp 000 0 eng  ac27600a201bSEA aSeaver, George aFaith of Edward Wilson of the Antarctic aLondonbJohn Murrayc1957 a51p aincludes index and biblioraphy2 aIll, App aChristian-Biography1 aSeaver, George